000 00451nam a22001817a 4500
003 CEME
005 20210628204434.0
008 210127b xxu||||| |||| 00| 0 eng d
020 _a0-7645-4827-1
040 _c.
082 _a005.133 MER
100 _aMerlino, Joe
_970349
245 _aPerl weekend crash course
260 _aNEW YORK
_bHUMPHREY
_c2002
300 _aXXIII,372P
650 _aPERL WEEKEND CRASH COURSE
_970350
942 _cBK
_2ddc
999 _c577340
_d577340